Proyecto de ley de administración financiera y control del sector público nacional (Registro nro. 31534)

Detalles MARC
000 -LEADER
fixed length control field 00367 a2200109 4500
001 - CONTROL NUMBER
control field ART_30448
005 - DATE AND TIME OF LATEST TRANSACTION
control field 20260410162004.0
008 - FIXED-LENGTH DATA ELEMENTS--GENERAL INFORMATION
fixed length control field 260409a
100 1# - MAIN ENTRY--PERSONAL NAME
Personal name Le Pera, Alfredo
245 10 - TITLE STATEMENT
Title Proyecto de ley de administración financiera y control del sector público nacional
773 0# - HOST ITEM ENTRY
Title Boletín Informativo ASAP
Related parts - Nº 21 (oct. 1992)
Record control number REV30391

No hay ítems disponibles.